000 00431nam a2200205Ia 4500
001 12011
003 GE_BSU
008 181216s||||||||xx |||||||||||||| ||und||
020 _a9780747266860
040 _cGE_BSU
080 _a821.111-32
100 _aDavies,Linda
245 _aSomething wild
260 _aLondon
260 _bHeadline
260 _c2001.
300 _a500p;18cm
653 _aSomething wild
942 _cBK
999 _c45188
_d45188